Great Literature #21 - Statistics

General Stats
  • This quiz has been taken 160 times
  • The average score is 11 of 20
Answer Stats
Hint Explanation Answer % Correct
Jane Austen 1818 Persuasion
89%
Arthur C. Clarke 1968 2001: A Space Odyssey
88%
Hippocrates et al. c. 5th century BCE-c. 2nd century CE Hippocratic Corpus
83%
Benjamin Spock 1946 The Common Sense Book of Baby and Child Care
79%
Nicolaus Copernicus 1543 (De revolutionibus orbium coelestium) On the Revolutions of the Heavenly Spheres
73%
Milan Kundera 1984 (Nesnesitelná lehkost bytí) The Unbearable Lightness of Being
66%
George Eliot 1860 The Mill on the Floss
65%
Dale Carnegie 1936 How to Win Friends and Influence People
61%
Graham Greene 1951 The End of the Affair
55%
Edith Wharton 1911 Ethan Frome
54%
Kazuo Ishiguro 2005 Never Let Me Go
50%
Giacomo Casanova 1960 (Histoire de ma vie) History of My Life
47%
Aeschylus some time between 479 BCE and 424 BCE Prometheus Bound
45%
E. Annie Proulx 1993 The Shipping News
45%
Randy Shilts 1987 And the Band Played On: Politics, People, and the AIDS Epidemic
38%
Lytton Strachey 1918 Eminent Victorians
34%
Saul Bellow 1959 Henderson the Rain King
27%
Claude Lévi-Strauss 1955 Tristes Tropiques
27%
John Reed 1919 Ten Days that Shook the World
26%
André Gide 1947 Journals: 1889-1913
23%
No matching quizzes found
Score Distribution
Percent of People with Each Score
Percentile by Number Answered
Your Score History
You have not taken this quiz